Query processing and optimization in parallel database systems /
Saved in:
| 主要作者: | |
|---|---|
| 格式: | Thesis 图书 |
| 语言: | English |
| 出版: |
1994.
|
| 主题: | |
| 标签: |
添加标签
没有标签, 成为第一个标记此记录!
|
| LEADER | 00793cam a2200241 a 4500 | ||
|---|---|---|---|
| 001 | u368713 | ||
| 003 | SIRSI | ||
| 008 | 950307s1994 si v 00 1 eng m | ||
| 035 | |a ABV-2789 | ||
| 040 | |a UMM | ||
| 090 | |a QA76.58 |b Tan | ||
| 100 | 1 | 0 | |a Tan, Kian Lee. |
| 245 | 1 | 0 | |a Query processing and optimization in parallel database systems / |c by Tan Kian Lee. |
| 260 | |c 1994. | ||
| 300 | |a x, 218 leaves : |b ill. ; |c 30 cm. | ||
| 500 | |a Photocopy. | ||
| 502 | |a Thesis (Ph.D.) -- National University of Singapore, 1994. | ||
| 504 | |a Bibliography: leaves 209-218. | ||
| 650 | 0 | |a Parallel processing (Electronic computers) | |
| 650 | 0 | |a Database searching. | |
| 948 | |a 07/03/1995 |b 22/08/2002 | ||
| 596 | |a 1 | ||
| 999 | |a QA76.58 TAN |w LC |c 1 |i A504843110 |d 12/6/2001 |l STACKS |m P01UTAMA |n 2 |r Y |s Y |t TESIS |u 24/7/1995 | ||
